Bokete- Bad Bunny - Estadísticas

Estadísticas generales
  • Esta prueba ha sido intentada 81 veces
    40 desde el último reinicio
  • La puntuación promedio es 291 de 333
Estadísticas de respuestas
Bokete % Correcto
a
100%
en
100%
es
100%
mi
100%
o
100%
PR
100%
y
100%
bokete
97%
de
97%
eres
97%
eso
97%
la
97%
las
97%
lo
97%
los
97%
no
97%
pa
97%
que
97%
se
97%
te
97%
tu
97%
un
97%
vida
97%
al
93%
con
93%
dia
93%
gusta
93%
ir
93%
mas
93%
me
93%
pero
93%
por
93%
quiero
93%
si
93%
va
93%
ya
93%
como
90%
competir
90%
corazone
90%
cuando
90%
dejaste
90%
el
90%
frente
90%
linda
90%
mentir
90%
mirar
90%
nadie
90%
ni
90%
nos
90%
rio
90%
sin
90%
ti
90%
vas
90%
viaje
90%
yo
90%
aplaudir
86%
arrepentir
86%
escribo
86%
estas
86%
fotitos
86%
hay
86%
mejor
86%
quedate
86%
so
86%
verano
86%
6 pm
83%
adios
83%
atras
83%
canciones
83%
estoy
83%
ey
83%
frio
83%
fue
83%
nosotros
83%
ponerte
83%
real
83%
ser
83%
tiempo
83%
tuyas
83%
vieja
83%
vio
83%
vivir
83%
antes
79%
aterrice
79%
cambian
79%
conocerte
79%
decir
79%
emociones
79%
escuchando
79%
esquivo
79%
este
79%
ojala
79%
para
79%
playita
79%
seas
79%
sentimientos
79%
todo
79%
ultimo
79%
veces
79%
viendo
79%
agresivo
76%
aunque
76%
chingando
76%
Dios
76%
enamorado
76%
escribir
76%
estaciones
76%
flashback
76%
fuerte
76%
invitacion
76%
mis
76%
pasando
76%
pensando
76%
porque
76%
tenia
76%
vencio
76%
vienen
76%
vivia
76%
vivo
76%
voy
76%
515
72%
516
72%
cayendo
72%
contestaciones
72%
dos
72%
Gracias
72%
he
72%
importa
72%
nuevo
72%
olas
72%
preguntas
72%
sabes
72%
sufrir
72%
tenido
72%
toco
72%
viendonos
72%
viento
72%
contigo
69%
cual
69%
enamorar
69%
estar
69%
has
69%
llegaste
69%
muerte
69%
perderte
69%
pichar
69%
poemas
69%
seguir
69%
son
69%
soy
69%
volvemos
69%
iba
66%
llevar
66%
Maya
66%
miedo
66%
mintio
66%
perros
66%
quien
66%
adelante
62%
probando
62%
toca
62%
asi
59%
olvidar
59%
quizas
59%
agua
55%
Arecibo
55%
suerte
55%
enamorarnos
48%
No se encontraron pruebas coincidentes
Distribución de puntuación
Porcentaje de gente con cada puntuación
Porcentaje por número respondido
Historial de tus puntuaciones
No has intentado esta prueba desde el último reinicio